000050011 001__ 50011
000050011 005__ 20230317124029.0
000050011 0247_ $$2doi$$a10.1103/PhysRevLett.108.043202
000050011 0247_ $$2ISSN$$a0031-9007
000050011 0247_ $$2ISSN$$a1079-7114
000050011 0247_ $$2pmid$$apmid:22400839
000050011 0247_ $$2WOS$$aWOS:000299828100006
000050011 037__ $$aGSI-2013-01638
000050011 041__ $$aEnglish
000050011 082__ $$a550
000050011 1001_ $$0P:(DE-HGF)0$$aSchulz, M.$$b0$$eCorresponding author
000050011 245__ $$aStrongly Enhanced Backward Emission of Electrons in Transfer and Ionization
000050011 260__ $$aCollege Park, Md.$$bAPS$$c2012
000050011 3367_ $$0PUB:(DE-HGF)16$$2PUB:(DE-HGF)$$aJournal Article$$bjournal$$mjournal$$s1365594056_23876
000050011 3367_ $$2DRIVER$$aarticle
000050011 3367_ $$2BibTeX$$aARTICLE
000050011 3367_ $$00$$2EndNote$$aJournal Article
000050011 500__ $$aHelmholtz Association HA216/EMMI Deutsche Forschungsgemeinschaft (DFG) FI 1593/1-1
000050011 536__ $$0G:(DE-HGF)POF2-544$$a544 - In-house Research with PNI (POF2-544)$$cPOF2-544$$fPOF II$$x0
000050011 588__ $$aDataset connected to CrossRef, repository.gsi.de
000050011 7001_ $$0P:(DE-HGF)0$$aWang, X.$$b1
000050011 7001_ $$0P:(DE-HGF)0$$aGundmundsson, M.$$b2
000050011 7001_ $$0P:(DE-HGF)0$$aSchneider, K.$$b3
000050011 7001_ $$0P:(DE-HGF)0$$aKelkar, A.$$b4
000050011 7001_ $$0P:(DE-HGF)0$$aVoitkiv, A. B.$$b5
000050011 7001_ $$0P:(DE-HGF)0$$aNajjari, B.$$b6
000050011 7001_ $$0P:(DE-HGF)0$$aSchöffler, M.$$b7
000050011 7001_ $$0P:(DE-HGF)0$$aSchmidt, L. Ph. H.$$b8
000050011 7001_ $$0P:(DE-HGF)0$$aDörner, R.$$b9
000050011 7001_ $$0P:(DE-HGF)0$$aUllrich, J.$$b10
000050011 7001_ $$0P:(DE-HGF)0$$aMoshammer, R.$$b11
000050011 7001_ $$0P:(DE-HGF)0$$aFischer, D.$$b12
000050011 773__ $$0PERI:(DE-600)1472655-5$$a10.1103/PhysRevLett.108.043202$$gVol. 108, no. 4, p. 043202$$n4$$p043202$$tPhysical review letters$$v108$$x1079-7114$$y2012
000050011 909CO $$ooai:repository.gsi.de:50011$$pVDB
000050011 9101_ $$0I:(DE-Ds200)20121206GSI$$6P:(DE-HGF)0$$aGSI Helmholtzzentrum für Schwerionenforschung GmbH$$b1$$kGSI
000050011 9131_ $$0G:(DE-HGF)POF2-544$$1G:(DE-HGF)POF2-540$$2G:(DE-HGF)POF2-500$$3G:(DE-HGF)POF2$$4G:(DE-HGF)POF$$aDE-HGF$$bStruktur der Materie$$lForschung mit Photonen, Neutronen, Ionen$$vIn-house Research with PNI$$x0
000050011 9141_ $$y2012
000050011 915__ $$0StatID:(DE-HGF)0010$$2StatID$$aJCR/ISI refereed
000050011 915__ $$0StatID:(DE-HGF)0100$$2StatID$$aJCR
000050011 915__ $$0StatID:(DE-HGF)0110$$2StatID$$aWoS$$bScience Citation Index
000050011 915__ $$0StatID:(DE-HGF)0111$$2StatID$$aWoS$$bScience Citation Index Expanded
000050011 915__ $$0StatID:(DE-HGF)0150$$2StatID$$aDBCoverage$$bWeb of Science Core Collection
000050011 915__ $$0StatID:(DE-HGF)0199$$2StatID$$aDBCoverage$$bThomson Reuters Master Journal List
000050011 915__ $$0StatID:(DE-HGF)0200$$2StatID$$aDBCoverage$$bSCOPUS
000050011 915__ $$0StatID:(DE-HGF)0300$$2StatID$$aDBCoverage$$bMedline
000050011 915__ $$0StatID:(DE-HGF)0310$$2StatID$$aDBCoverage$$bNCBI Molecular Biology Database
000050011 915__ $$0StatID:(DE-HGF)0420$$2StatID$$aNationallizenz
000050011 915__ $$0StatID:(DE-HGF)1020$$2StatID$$aDBCoverage$$bCurrent Contents - Social and Behavioral Sciences
000050011 920__ $$lyes
000050011 9201_ $$0I:(DE-Ds200)ATP-20051214OR020$$kATP$$lAtomphysik$$x0
000050011 980__ $$ajournal
000050011 980__ $$aVDB
000050011 980__ $$aUNRESTRICTED
000050011 980__ $$aI:(DE-Ds200)20110830OR020
000050011 980__ $$aI:(DE-Ds200)ATP-20051214OR020